[Event "Rotterdam"]
[Site "?"]
[Date "1989.??.??"]
[Round "?"]
[White "Karpov, An"]
[Black "Ljubojevic, Lj"]
[Result "0-1"]
[WhiteElo "2750"]
[BlackElo "2580"]
[PlyCount "100"]
[EventDate "1989.??.??"]
[Source "ChessBase"]
[SourceDate "1989.01.01"]

1. d4 d5 2. c4 c6 3. Nf3 Nf6 4. Nc3 dxc4 5. a4 Na6 6. e3 Be6 7. a5 Bd5 8. Nd2 g6 9. e4 Be6 10. Nxc4 Bg7 11. Ne5 Rc8 12. Qa4 O-O 13. Be2 Nd7 14. Nd3 Nc7 15. Be3 f5 16. e5 Bf7 17. Rd1 Qe8 18. h4 h6 19. Bf3 Kh7 20. Nf4 Rb8 21. Qc2 Kg8 22. g4 e6 23. Rg1 Kh8 24. Qd2 Rd8 25. Qe2 Qe7 26. gxf5 gxf5 27. Bh5 Rg8 28. Bg6 Nf8 29. Qh5 Rd7 30. Rd3 Qe8 31. Bd2 Nxg6 32. Nxg6+ Kh7 33. Rdg3 Rxd4 34. Qe2 Bxg6 35. Rxg6 Qxg6 36. Rxg6 Kxg6 37. Be3 Rxh4 38. f4 Rd8 39. Qf3 Nd5 40. Bxa7 Rxf4 41. Qd3 Bxe5 42. Ne2 Re4 43. Kf2 Rg8 44. Qc2 Kh7 45. Kf3 Rh4 46. Bg1 Rh3+ 47. Kf2 Bh2 48. Qc5 Bxg1+ 49. Nxg1 Rh2+ 50. Kf3 e5 0-1

[Event "ch-Euro Blitz"]
[Site "Ajaccio FRA"]
[Date "2007.10.25"]
[Round "15"]
[White "Mchedlishvili, M."]
[Black "Tkachiev, V."]
[Result "0-1"]
[WhiteElo "2631"]
[BlackElo "2661"]
[PlyCount "66"]
[EventDate "2007.10.25"]
[Source "www.chesslib.no"]
[SourceDate "2004.05.04"]

1. d4 d5 2. Nf3 Nf6 3. c4 c6 4. Nc3 dxc4 5. a4 e6 6. g3 c5 7. Bg2 Nc6 8. dxc5 Qxd1+ 9. Nxd1 Bxc5 10. O-O O-O 11. Be3 Bb4 12. Bd2 Bxd2 13. Nxd2 Na5 14. Ne3 c3 15. bxc3 Bd7 16. Nec4 Nxc4 17. Nxc4 Rab8 18. Rfb1 Rfc8 19. Nd6 Rxc3 20. Nxb7 g5 21. a5 Rc2 22. Re1 Bc6 23. Bxc6 Rxc6 24. a6 Nd5 25. Rec1 Rbc8 26. Re1 Rb6 27. Rec1 Rxc1+ 28. Rxc1 Rxa6 29. Rc8+ Kg7 30. Kg2 Ra2 31. Ra8 g4 32. Nd6 Rxe2 33. Nc4 Rc2 0-1

[Event "SU ch junior"]
[Site "Kiev UKR"]
[Date "1983.??.??"]
[Round "?"]
[White "Dautov, Rustem"]
[Black "Bareev, Evgeny I"]
[Result "1-0"]
[WhiteElo "2615"]
[BlackElo "2670"]
[PlyCount "65"]
[EventDate "1983.??.??"]
[Source "www.chesslib.no"]
[SourceDate "2004.05.04"]

1. d4 Nf6 2. Nf3 d5 3. c4 c6 4. Nc3 dxc4 5. a4 Bg4 6. Ne5 Bh5 7. Nxc4 e6 8. g3 a5 9. Bg2 Na6 10. O-O Bb4 11. h3 O-O 12. g4 Bg6 13. Bg5 c5 14. Bxb7 Ra7 15. Bg2 Rd7 16. Nb5 Nc7 17. Ne5 Nxb5 18. axb5 Rxd4 19. Qb3 Qb6 20. Be3 Rdd8 21. Nc6 Qxb5 22. Nxd8 Rxd8 23. Rfd1 Rc8 24. Rac1 Nd7 25. Qc4 Qxc4 26. Rxc4 Nb6 27. Rcc1 Na4 28. Bd2 f6 29. b3 Be8 30. Bxb4 axb4 31. bxa4 b3 32. Rc4 Bg6 33. e4 1-0

[Event "Biel"]
[Site "?"]
[Date "1991.??.??"]
[Round "?"]
[White "Bareev, E."]
[Black "Lautier, J."]
[Result "1/2-1/2"]
[WhiteElo "2680"]
[BlackElo "2560"]
[PlyCount "127"]
[EventDate "1991.??.??"]
[Source "ChessBase"]
[SourceDate "1991.06.01"]

1. d4 d5 2. c4 c6 3. Nc3 Nf6 4. Nf3 dxc4 5. a4 Bg4 6. Ne5 Bh5 7. h3 Na6 8. g4 Bg6 9. e3 Nb4 10. Bxc4 Nd7 11. Nxg6 hxg6 12. Qf3 e6 13. Kf1 a5 14. Kg2 Be7 15. Ne4 g5 16. Bd2 Nf8 17. Bxb4 axb4 18. Nd2 Ng6 19. Qe4 Nh4+ 20. Kf1 Rh6 21. Ke2 Qc7 22. Qc2 e5 23. d5 Kf8 24. dxc6 Qxc6 25. Bd3 Rd8 26. Qxc6 Rxc6 27. Be4 Rc7 28. Rac1 Rdc8 29. Nb3 b6 30. Rxc7 Rxc7 31. Rc1 Rxc1 32. Nxc1 g6 33. Kd3 f5 34. Bh1 e4+ 35. Kc4 Ke8 36. b3 Kd7 37. Kb5 Kc7 38. Na2 Bd6 39. Nxb4 Bh2 40. Nd5+ Kb7 41. Nc3 Bg1 42. Nd1 Bh2 43. b4 Bg1 44. Kc4 Kc6 45. a5 bxa5 46. bxa5 Bh2 47. Nc3 Bg1 48. Bxe4+ fxe4 49. Nxe4 Nf3 50. a6 Bh2 51. a7 Kb7 52. Kd5 Kxa7 53. Ke6 Kb6 54. Kf6 Bc7 55. Kxg6 Bd8 56. Nd6 Kc6 57. Nf7 Be7 58. Kf5 Kd5 59. e4+ Kd4 60. Ke6 Bc5 61. e5 Ke4 62. Kf6 Bxf2 63. e6 Bd4+ 64. Kg6 1/2-1/2

[Event "Moscow RUS"]
[Site "Moscow RUS"]
[Date "1972.??.??"]
[Round "?"]
[White "Korchnoi, Viktor L"]
[Black "Taimanov, Mark E"]
[Result "1-0"]
[WhiteElo "2640"]
[BlackElo "2590"]
[PlyCount "91"]
[EventDate "1972.??.??"]
[Source "www.chesslib.no"]
[SourceDate "2004.05.04"]

1. c4 c6 2. d4 d5 3. Nf3 Nf6 4. Nc3 dxc4 5. a4 Bg4 6. Ne5 Bh5 7. g3 Nbd7 8. Nxc4 Nb6 9. Ne5 Nfd7 10. a5 Nd5 11. Nd3 e6 12. Bg2 Be7 13. O-O O-O 14. Re1 b5 15. Qb3 f5 16. Nf4 Bf7 17. Ncxd5 exd5 18. Qc2 Bb4 19. Bd2 Bxd2 20. Qxd2 Re8 21. Rec1 Rc8 22. Nd3 Qf6 23. e3 Qd6 24. Rc2 h6 25. Rac1 Nb8 26. Qb4 Qf6 27. Qb3 Qd8 28. Nb4 Qxa5 29. Bxd5 Bxd5 30. Nxd5 Kh7 31. Nf4 Qd8 32. h4 Qd6 33. h5 Nd7 34. Qa3 Qxa3 35. bxa3 Nb8 36. d5 Re4 37. dxc6 Ra4 38. c7 Nd7 39. Rd2 Nb6 40. Rd8 Rxa3 41. Nd5 Rd3 42. Nxb6 Rcxd8 43. c8=Q Rxe3 44. Qc6 Kg8 45. Qc3 Kh7 46. f3 1-0

[Event "Moscow 5'"]
[Site "Moscow RUS"]
[Date "1972.??.??"]
[Round "?"]
[White "Korchnoi, Viktor L"]
[Black "Taimanov, Mark E"]
[Result "1-0"]
[WhiteElo "2640"]
[BlackElo "2590"]
[PlyCount "91"]
[EventDate "1972.??.??"]
[Source "www.chesslib.no"]
[SourceDate "2004.05.04"]

1. c4 c6 2. d4 d5 3. Nf3 Nf6 4. Nc3 dxc4 5. a4 Bg4 6. Ne5 Bh5 7. g3 Nbd7 8. Nxc4 Nb6 9. Ne5 Nfd7 10. a5 Nd5 11. Nd3 e6 12. Bg2 Be7 13. O-O O-O 14. Re1 b5 15. Qb3 f5 16. Nf4 Bf7 17. Ncxd5 exd5 18. Qc2 Bb4 19. Bd2 Bxd2 20. Qxd2 Re8 21. Rec1 Rc8 22. Nd3 Qf6 23. e3 Qd6 24. Rc2 h6 25. Rac1 Nb8 26. Qb4 Qf6 27. Qb3 Qd8 28. Nb4 Qxa5 29. Bxd5 Bxd5 30. Nxd5 Kh7 31. Nf4 Qd8 32. h4 Qd6 33. h5 Nd7 34. Qa3 Qxa3 35. bxa3 Nb8 36. d5 Re4 37. dxc6 Ra4 38. c7 Nd7 39. Rd2 Nb6 40. Rd8 Rxa3 41. Nd5 Rd3 42. Nxb6 Rcxd8 43. cxd8=Q Rxd8 44. Nc8 a5 45. Na7 b4 46. Rb1 1-0

[Event "Bastia FRA, Corsica Masters 2005"]
[Site "?"]
[Date "2002.11.01"]
[Round "1"]
[White "Bacrot Etienne"]
[Black "Izoria Zviad"]
[Result "1/2-1/2"]
[WhiteElo "2524"]
[BlackElo "2688"]
[PlyCount "64"]
[EventDate "2002.??.??"]
[Source "www.chesslib.no"]
[SourceDate "2004.05.04"]

1. d4 c6 2. c4 d5 3. Nc3 Nf6 4. Nf3 dxc4 5. a4 e6 6. e3 c5 7. Bxc4 Nc6 8. O-O Be7 9. dxc5 Qxd1 10. Rxd1 Bxc5 11. h3 Bb4 12. Na2 Be7 13. Bd2 O-O 14. b4 a6 15. b5 axb5 16. axb5 Nb8 17. Nc3 Rxa1 18. Rxa1 Nbd7 19. Na4 Ne4 20. Ba5 Nec5 21. Nxc5 Nxc5 22. Bc7 Bd7 23. Ne5 Rc8 24. b6 Be8 25. Nd3 Nxd3 26. Bxd3 Bd8 27. Bxd8 Rxd8 28. Be4 Rd6 29. Rb1 Bc6 30. Rc1 Be8 31. Rb1 Bc6 32. Rc1 Be8 1/2-1/2

[Event "Groningen"]
[Site "Groningen"]
[Date "1991.??.??"]
[Round "?"]
[White "Piket, Jeroen"]
[Black "Romanishin, Oleg M"]
[Result "1/2-1/2"]
[WhiteElo "2590"]
[BlackElo "2600"]
[PlyCount "93"]
[EventDate "1991.12.??"]
[Source "ChessBase"]

1. d4 d5 2. Nf3 Nf6 3. c4 dxc4 4. Nc3 c6 5. a4 Bg4 6. Ne5 Bh5 7. h3 Nbd7 8. Nxc4 e6 9. g4 Bg6 10. Bg2 h5 11. g5 Nd5 12. e4 N5b6 13. Ne3 Qxg5 14. a5 Nc4 15. O-O Nxe3 16. Bxe3 Qd8 17. f4 Be7 18. f5 exf5 19. exf5 Bh7 20. a6 bxa6 21. Bxc6 Rc8 22. Rxa6 O-O 23. Bg2 Bg5 24. Bxg5 Qxg5 25. Ne4 Qe3+ 26. Kh2 Rb8 27. b3 Rb6 28. Rxa7 Nf6 29. Re7 Qh6 30. Nxf6+ Qxf6 31. Re5 Rd6 32. Qxh5 Rxd4 33. Qe2 Qd6 34. Kh1 Rd2 35. Qe4 Rd4 36. Rd5 Rxe4 37. Rxd6 Rb4 38. Bd5 Rh4 39. Kg2 Rh5 40. Be4 Re8 41. Rf4 Kf8 42. Kg3 Rg5+ 43. Kf3 Rg1 44. Kf2 Rc1 45. Rd7 Rcc8 46. b4 Rxe4 47. Rxe4 1/2-1/2

[Event "60th ch-RUS Higher League"]
[Site "Krasnoyarsk RUS"]
[Date "2007.09.04"]
[Round "2"]
[White "Panarin, M."]
[Black "Volkov, Sergey1"]
[Result "1-0"]
[WhiteElo "2529"]
[BlackElo "2659"]
[PlyCount "69"]
[EventDate "2007.09.03"]
[Source "www.chesslib.no"]
[SourceDate "2004.05.04"]

1. d4 d5 2. c4 c6 3. Nc3 Nf6 4. Nf3 dxc4 5. a4 e6 6. e4 Bb4 7. e5 Nd5 8. Bd2 b5 9. axb5 Bxc3 10. bxc3 cxb5 11. Ng5 Qe7 12. Qh5 Bb7 13. Be2 Nc6 14. O-O Rd8 15. Bg4 Kf8 16. f4 f5 17. exf6 Nxf6 18. Qh3 Nxg4 19. Qxg4 Bc8 20. Rae1 h5 21. Qh3 Kg8 22. Nxe6 Bxe6 23. Rxe6 Qd7 24. f5 Rh7 25. Qf3 Rc8 26. Rfe1 b4 27. d5 Nd4 28. cxd4 c3 29. Bg5 b3 30. R6e3 b2 31. Rxc3 Rxc3 32. Qxc3 Qxf5 33. Qxb2 Qxg5 34. Qb8+ Kf7 35. Qe8+ 1-0

[Event "60th ch-RUS Higher League"]
[Site "Krasnoyarsk RUS"]
[Date "2007.09.06"]
[Round "4"]
[White "Bocharov, D."]
[Black "Savchenko, B."]
[Result "1/2-1/2"]
[WhiteElo "2605"]
[BlackElo "2577"]
[PlyCount "45"]
[EventDate "2007.09.03"]
[Source "www.chesslib.no"]
[SourceDate "2004.05.04"]

1. d4 Nf6 2. c4 c6 3. Nc3 d5 4. Nf3 dxc4 5. a4 e6 6. e3 c5 7. Bxc4 cxd4 8. exd4 Nc6 9. O-O Be7 10. Re1 O-O 11. Bf4 Nb4 12. Qb3 Bd7 13. Ne5 Rc8 14. Rad1 Nfd5 15. Bg3 Nb6 16. Nxd7 Qxd7 17. Bb5 Qd8 18. Be2 N6d5 19. Bf3 Qd7 20. h3 Rfd8 21. Nxd5 Nxd5 22. Rc1 h6 23. Bxd5 1/2-1/2

[Event "1st Serbian League Men"]
[Site "Zlatibor SRB"]
[Date "2007.08.25"]
[Round "5"]
[White "Halkias, Stelios"]
[Black "Postny, Evgeny"]
[Result "1/2-1/2"]
[WhiteElo "2580"]
[BlackElo "2598"]
[PlyCount "31"]
[EventDate "2007.08.21"]
[Source "www.chesslib.no"]
[SourceDate "2004.05.04"]

1. d4 d5 2. c4 c6 3. Nc3 Nf6 4. Nf3 dxc4 5. a4 e6 6. e3 c5 7. Bxc4 Be7 8. O-O cxd4 9. exd4 O-O 10. Re1 Nc6 11. Bg5 Bd7 12. Qe2 Nb4 13. Ne5 Kh8 14. Rad1 Bc6 15. h4 Nfd5 16. Qh5 1/2-1/2

[Event "Vikings GM 2nd"]
[Site "York"]
[Date "2000.12.21"]
[Round "9"]
[White "Barsov, Alexei"]
[Black "Hodgson, Julian M"]
[Result "1/2-1/2"]
[WhiteElo "2534"]
[BlackElo "2640"]
[PlyCount "55"]
[EventDate "2000.12.13"]
[Source "ChessBase"]
[SourceDate "2001.03.20"]

1. d4 d5 2. c4 c6 3. Nf3 Nf6 4. Nc3 dxc4 5. a4 Na6 6. e3 Bg4 7. Bxc4 e6 8. a5 Nb4 9. O-O Be7 10. h3 Bh5 11. g4 Bg6 12. Ne5 Nd7 13. Nxg6 hxg6 14. Kg2 O-O 15. f4 b5 16. axb6 axb6 17. Rxa8 Qxa8 18. e4 b5 19. Be2 Rd8 20. Qb3 c5 21. dxc5 Nd3 22. c6 Nxc1 23. Rxc1 Qxc6 24. Qxb5 Qd6 25. Rd1 Qxf4 26. Rxd7 Rxd7 27. Qxd7 Bh4 28. Qc6 1/2-1/2

[Event "Sarajevo Bosnia"]
[Site "Sarajevo"]
[Date "2003.05.18"]
[Round "1"]
[White "Sokolov, Ivan"]
[Black "Dizdarevic, Emir"]
[Result "1-0"]
[WhiteElo "2677"]
[BlackElo "2491"]
[PlyCount "55"]
[EventDate "2003.05.18"]
[Source "ChessBase"]
[SourceDate "2003.09.25"]

1. d4 d5 2. c4 c6 3. Nf3 Nf6 4. Nc3 dxc4 5. a4 Qa5 6. Bd2 Qf5 7. e3 Be6 8. Be2 Nbd7 9. O-O h6 10. a5 Rc8 11. Qa4 Bd5 12. Nxd5 Nxd5 13. Bxc4 g5 14. Rfe1 b5 15. axb6 N5xb6 16. Qa6 g4 17. e4 Qh5 18. Ne5 Nxe5 19. dxe5 Bg7 20. e6 Be5 21. exf7+ Kf8 22. g3 Rd8 23. Rad1 Kg7 24. Ba2 Bd4 25. Qe2 Qg6 26. Bf4 Kh7 27. e5 e6 28. Bb1 1-0

[Event "Moscow RUS"]
[Site "?"]
[Date "2005.02.18"]
[Round "4"]
[White "Romanishin Oleg M"]
[Black "Shabalov Alexander"]
[Result "0-1"]
[WhiteElo "2558"]
[BlackElo "2607"]
[PlyCount "92"]
[EventDate "2005.??.??"]
[Source "www.chesslib.no"]
[SourceDate "2004.05.04"]

1. d4 d5 2. c4 c6 3. Nf3 Nf6 4. Nc3 dxc4 5. a4 c5 6. e3 cxd4 7. exd4 Be6 8. a5 a6 9. Ng5 Bg4 10. f3 Bc8 11. Bxc4 e6 12. d5 exd5 13. Nxd5 Nxd5 14. Bxd5 Bb4+ 15. Kf1 Qe7 16. Bxf7+ Kf8 17. Bc4 Nc6 18. Bd2 Bf5 19. Qe1 Bxd2 20. Qxd2 Rd8 21. Qf4 Qf6 22. Re1 Rd4 23. Qe3 g6 24. Ne6+ Bxe6 25. Qxe6 Qxe6 26. Bxe6 Rd2 27. b3 Kg7 28. Bc4 Rhd8 29. h4 h5 30. Rh3 Nxa5 31. Re7+ Kf6 32. Rf7+ Ke5 33. f4+ Kd4 34. Be2 Kc5 35. f5 gxf5 36. Rxf5+ Kb4 37. Rf4+ R8d4 38. Rxd4+ Rxd4 39. Bxh5 Nxb3 40. Bf7 Rf4+ 41. Ke2 Rxf7 42. h5 Nd4+ 43. Ke3 Ne6 44. h6 Nf8 45. g4 a5 46. g5 a4 0-1

[Event "54th ch-HUN"]
[Site "Budapest"]
[Date "2004.08.26"]
[Round "8.2"]
[White "Berkes, Ferenc"]
[Black "Horvath, Csaba"]
[Result "1/2-1/2"]
[WhiteElo "2614"]
[BlackElo "2546"]
[PlyCount "115"]
[EventDate "2004.08.19"]
[Source "Roberto Alvarez"]
[SourceDate "2004.09.06"]

1. d4 d5 2. Nf3 Nf6 3. c4 c6 4. Nc3 dxc4 5. a4 e6 6. e3 c5 7. Bxc4 Nc6 8. O-O Be7 9. Qe2 cxd4 10. exd4 O-O 11. Rd1 Nb4 12. Ne5 Bd7 13. Bg5 Bc6 14. a5 Bd5 15. Bxf6 Bxf6 16. Ra4 Nc6 17. Bxd5 exd5 18. a6 Bxe5 19. dxe5 d4 20. axb7 Rb8 21. Rc4 Qb6 22. Qe4 dxc3 23. Rxc6 Qxb2 24. Rc7 c2 25. Re1 Qb6 26. Rxc2 Qxb7 27. f4 Qxe4 28. Rxe4 a5 29. Rc5 Rfc8 30. Rxa5 Rb2 31. Rc4 Rd8 32. h3 g6 33. e6 Rdd2 34. exf7+ Kxf7 35. Rg5 Rdc2 36. Rxc2 Rxc2 37. Kh2 Kf6 38. Ra5 h5 39. Kg3 Rb2 40. Ra3 Rc2 41. Kf3 Rb2 42. Ra6+ Kf7 43. Ra3 Kf6 44. Rd3 Ra2 45. Rd6+ Kg7 46. Re6 Ra3+ 47. Re3 Ra2 48. Kg3 Kf6 49. Rb3 Rc2 50. Rb6+ Kf5 51. Rb5+ Kf6 52. Rg5 Rc4 53. h4 Rc3+ 54. Kh2 Rc4 55. g3 Rc2+ 56. Kh3 Rf2 57. Ra5 Kg7 58. Rb5 1/2-1/2

[Event "34. TCh-GRE"]
[Site "?"]
[Date "2005.07.08"]
[Round "5"]
[White "Macieja Bartlomiej"]
[Black "Chuchelov Vladimir"]
[Result "1-0"]
[WhiteElo "2593"]
[BlackElo "2562"]
[PlyCount "95"]
[EventDate "2005.??.??"]
[Source "www.chesslib.no"]
[SourceDate "2004.05.04"]

1. d4 Nf6 2. c4 c6 3. Nc3 d5 4. Nf3 dxc4 5. a4 Bg4 6. Ne5 Bh5 7. g3 e6 8. Bg2 Bb4 9. O-O O-O 10. Nxc4 Nd5 11. Qc2 Nb6 12. Na2 Be7 13. e3 Nxc4 14. Qxc4 Nd7 15. b4 e5 16. Bb2 Bf6 17. a5 exd4 18. exd4 Re8 19. Nc3 a6 20. Ne4 Qb8 21. Rfe1 Bg6 22. Rad1 Bf5 23. Bc1 Be6 24. Qc2 Be7 25. Bf4 Qd8 26. Nc5 Nxc5 27. dxc5 Qc8 28. Be4 h6 29. Bd6 Bf6 30. Re3 Bg4 31. f3 Be6 32. Re2 Rd8 33. h4 Qd7 34. Kh2 h5 35. Rdd2 Qc8 36. Rd1 Re8 37. Red2 g6 38. Bxg6 fxg6 39. Qxg6+ Bg7 40. Be5 Re7 41. Bxg7 Qe8 42. Rd8 Rxd8 43. Rxd8 Qxd8 44. Bh6+ Kh8 45. Bg5 Qd7 46. Bf6+ Rg7 47. Bxg7+ Qxg7 48. Qxh5+ 1-0

[Event "NED-chT playoff"]
[Site "Enschede"]
[Date "2002.05.10"]
[Round "2.8"]
[White "Chuchelov, Vladimir"]
[Black "Rogers, Ian"]
[Result "1-0"]
[WhiteElo "2593"]
[BlackElo "2559"]
[PlyCount "95"]
[EventDate "2002.05.09"]
[Source "ChessBase"]
[SourceDate "2002.08.12"]

1. Nf3 d5 2. d4 Nf6 3. c4 c6 4. Nc3 dxc4 5. a4 Bg4 6. Ne5 Bh5 7. Nxc4 e6 8. Qb3 Na6 9. f3 Bb4 10. Be3 Nd5 11. Bf2 f6 12. e4 Ndc7 13. Be2 Bf7 14. O-O O-O 15. Rfd1 Qc8 16. Rac1 Rd8 17. e5 f5 18. Bh4 Rd7 19. f4 Bf8 20. Ne3 Nb4 21. h3 Qe8 22. Kh2 h6 23. Bf3 g5 24. fxg5 Qd8 25. g6 Qxh4 26. gxf7+ Rxf7 27. g3 Qg5 28. Ne2 Rg7 29. h4 Qg6 30. Rg1 Kh8 31. Nf4 Qe8 32. a5 Qd7 33. Rc4 Ncd5 34. Nexd5 Nxd5 35. Bxd5 exd5 36. Rc3 Be7 37. a6 bxa6 38. Qa4 Rc8 39. Rgc1 Bg5 40. hxg5 hxg5 41. Nh3 Rh7 42. Kg2 f4 43. Nf2 fxg3 44. Rxg3 Rf8 45. Qxc6 Qf5 46. Qc2 Qf4 47. Rd1 g4 48. Qxh7+ 1-0

[Event "Jugoslavija"]
[Site "?"]
[Date "1995.??.??"]
[Round "?"]
[White "Beliavsky, A."]
[Black "Kupreichik, V."]
[Result "1-0"]
[WhiteElo "2650"]
[BlackElo "2500"]
[PlyCount "121"]
[EventDate "1995.??.??"]
[Source "ChessBase"]
[SourceDate "1995.06.01"]

1. d4 d5 2. c4 dxc4 3. Nf3 Nf6 4. Nc3 c6 5. a4 Bg4 6. Ne5 Bh5 7. g3 e6 8. Bg2 Bb4 9. Nxc4 Nd5 10. Bd2 Nb6 11. Ne3 a5 12. Nc2 O-O 13. O-O Na6 14. Ne4 Qe7 15. Nxb4 Nxb4 16. Re1 Rfd8 17. Qb3 Bg6 18. Bc3 Kh8 19. Red1 f6 20. Bxb4 Qxb4 21. Qxb4 axb4 22. Nc5 Bc2 23. Nxb7 Rdc8 24. Rdc1 Bxa4 25. e3 Kg8 26. Nc5 Kf7 27. Nxa4 Rxa4 28. Rxa4 Nxa4 29. Rc4 c5 30. dxc5 Nxc5 31. Rxb4 Nd3 32. Rb7+ Kf8 33. Bf1 Rc1 34. b4 g5 35. g4 Ne1 36. f4 Rc2 37. Rxh7 Nf3+ 38. Kh1 e5 39. fxe5 fxe5 40. b5 e4 41. b6 Kg8 42. b7 Rb2 43. Bb5 Rxb5 44. Rc7 Rb1+ 45. Kg2 Rb2+ 46. Kg3 Nxh2 47. Rc8+ Kf7 48. b8=Q Nf1+ 49. Kh3 Rxb8 50. Rxb8 Ke6 51. Rb3 Kd5 52. Rb5+ Kc6 53. Rxg5 Nxe3 54. Kg3 Nd5 55. Rf5 e3 56. Kf3 Kd6 57. Rf8 Ke5 58. Ra8 Ke6 59. Ra5 Kd6 60. g5 Ne7 61. Ra6+ 1-0

[Event "Saintly Cup"]
[Site "Sydney"]
[Date "1999.01.31"]
[Round "9"]
[White "Johansen, Darryl K"]
[Black "Rogers, Ian"]
[Result "1/2-1/2"]
[WhiteElo "2490"]
[BlackElo "2618"]
[PlyCount "118"]
[EventDate "1999.01.22"]
[Source "ChessBase"]
[SourceDate "1999.06.08"]

1. d4 Nf6 2. Nf3 d5 3. c4 c6 4. Nc3 dxc4 5. a4 Bg4 6. Ne5 Bh5 7. g3 e6 8. Bg2 Bb4 9. O-O Nd5 10. Qc2 O-O 11. e4 Nb6 12. Be3 f6 13. Nf3 a5 14. Na2 Na6 15. Nxb4 Nxb4 16. Qc3 Bxf3 17. Bxf3 f5 18. b3 fxe4 19. Bxe4 cxb3 20. Qxb3 N6d5 21. Bd2 Qb6 22. Be3 Kh8 23. Rad1 h6 24. Bc1 Rf6 25. Rd2 Rd8 26. Re1 Qa6 27. Rde2 b5 28. Bb2 bxa4 29. Qxa4 Qb5 30. Qa1 Rdf8 31. Ba3 Qc4 32. Bb2 Nd3 33. Bxd3 Qxd3 34. Qxa5 Nf4 35. Re3 Nh3+ 36. Kg2 Rxf2+ 37. Kxh3 Qc2 38. Rh1 Qxb2 39. Qe5 R8f6 40. Qe4 Qb5 41. Qe5 Qb7 42. Rg1 Qf7 43. Re2 R2f5 44. Qe4 Rf2 45. Rxf2 Rxf2 46. Qg4 Rf1 47. Rg2 h5 48. Qe4 Ra1 49. Rb2 Ra8 50. Rb1 Rd8 51. Re1 Rd6 52. Ra1 Rd8 53. Re1 Qf2 54. Qxe6 Qxd4 55. Qxc6 Qg4+ 56. Kg2 h4 57. Re8+ Rxe8 58. Qxe8+ Kh7 59. Qe5 hxg3 1/2-1/2

[Event "Raipur IND"]
[Site "?"]
[Date "2002.03.??"]
[Round "9"]
[White "Sasikiran Krishnan"]
[Black "Sherbakov Ruslan"]
[Result "1/2-1/2"]
[WhiteElo "2569"]
[BlackElo "2539"]
[PlyCount "57"]
[EventDate "2002.??.??"]
[Source "www.chesslib.no"]
[SourceDate "2004.05.04"]

1. Nf3 d5 2. d4 Nf6 3. c4 c6 4. Nc3 dxc4 5. a4 Bg4 6. Ne5 Bh5 7. g3 e6 8. Bg2 Bb4 9. O-O Nd5 10. Qc2 Be7 11. a5 Nb4 12. Qd1 O-O 13. Nxc4 N8a6 14. Bf4 Nd5 15. Ra4 Nxf4 16. gxf4 Nc7 17. Qd2 Nd5 18. Ne5 a6 19. Ne4 f6 20. Nd3 Bf7 21. Rc1 Re8 22. Nec5 Rb8 23. e3 Bf8 24. Qd1 Nc7 25. Be4 Nb5 26. Qf1 Nd6 27. Bf3 Rc8 28. Qh3 Re7 29. Bd1 1/2-1/2

[Event "Moscow 5'"]
[Site "Moscow RUS"]
[Date "1972.??.??"]
[Round "?"]
[White "Gufeld, Eduard E"]
[Black "Vasiukov, Evgeni A"]
[Result "0-1"]
[WhiteElo "2525"]
[BlackElo "2575"]
[PlyCount "52"]
[EventDate "1972.??.??"]
[Source "www.chesslib.no"]
[SourceDate "2004.05.04"]

1. Nf3 d5 2. c4 c6 3. d4 Nf6 4. Nc3 dxc4 5. a4 Bg4 6. Ne5 Bh5 7. f3 Nfd7 8. Nxc4 e5 9. e4 Qh4+ 10. g3 Qf6 11. g4 exd4 12. gxh5 Qh4+ 13. Ke2 dxc3 14. bxc3 Na6 15. Nd6+ Bxd6 16. Qxd6 O-O-O 17. Qg3 Qxh5 18. Bh3 Rhe8 19. Kf2 Nac5 20. Rd1 Nxe4+ 21. fxe4 Qxd1 22. Bf4 Qxa1 23. Bb8 Qb2+ 24. Kg1 Qb6+ 25. Kg2 Rxe4 26. Kf1 Rde8 0-1

[Event "XXV Festival internazionale - Open A"]
[Site "Bled SLO"]
[Date "2008.02.29"]
[Round "9"]
[White "Lenic, Luka"]
[Black "Romanishin, Oleg M"]
[Result "1/2-1/2"]
[WhiteElo "2568"]
[BlackElo "2528"]
[PlyCount "38"]
[EventDate "2008.02.23"]
[Source "www.chesslib.no"]
[SourceDate "2004.05.04"]

1. d4 d5 2. Nf3 Nf6 3. c4 c6 4. Nc3 dxc4 5. a4 Bg4 6. Ne5 Bh5 7. Nxc4 e6 8. Qb3 Na6 9. Bg5 Nb4 10. e3 a5 11. Ne5 Be7 12. Bc4 Nd7 13. Bxe7 Qxe7 14. Ne4 O-O 15. O-O Nb6 16. Nc5 Nxc4 17. Qxc4 f6 18. Ned3 Be2 19. Rfe1 Bxd3 1/2-1/2

[Event "Antwerpen 73/421"]
[Site "?"]
[Date "1998.??.??"]
[Round "?"]
[White "Piket, Jeroen"]
[Black "Kogan, Artur"]
[Result "1-0"]
[WhiteElo "2605"]
[BlackElo "2485"]
[PlyCount "77"]
[EventDate "1998.??.??"]
[Source "ChessBase"]
[SourceDate "1998.06.01"]

1. d4 Nf6 2. c4 c6 3. Nc3 d5 4. Nf3 dxc4 5. a4 a5 6. e4 Bg4 7. Bxc4 e6 8. O-O Bb4 9. e5 Nd5 10. Ne4 Nd7 11. h3 Bh5 12. Ng3 Bg6 13. Ng5 h6 14. N5e4 f5 15. Bxd5 cxd5 16. Nd6+ Bxd6 17. exd6 O-O 18. Bf4 Nb6 19. Qb3 Be8 20. Rfc1 Nc4 21. Rxc4 dxc4 22. Qxc4 Qc8 23. Qb3 Bc6 24. Ne2 Qe8 25. Be5 Qf7 26. Nf4 Rfe8 27. h4 Rac8 28. h5 Bd5 29. Qb5 Rc2 30. Ra3 Bc6 31. Qxa5 Kh7 32. Rg3 Rg8 33. b4 Qd7 34. Rg6 Bd5 35. Nxd5 exd5 36. Qxd5 Qd8 37. Bf6 Qe8 38. d7 Qe1+ 39. Kh2 1-0

[Event "Brno"]
[Site "Brno"]
[Date "1993.??.??"]
[Round "6"]
[White "Stohl, Igor"]
[Black "Gofshtein, Leonid D"]
[Result "1/2-1/2"]
[WhiteElo "2545"]
[BlackElo "2540"]
[PlyCount "58"]
[EventDate "1993.08.??"]
[Source "ChessBase"]

1. Nf3 d5 2. d4 Nf6 3. c4 dxc4 4. Nc3 c6 5. a4 a5 6. e4 Bg4 7. Be3 e6 8. Bxc4 Bb4 9. Qc2 Bxf3 10. gxf3 Nbd7 11. Rd1 Nh5 12. Ke2 g6 13. Qb3 Qc7 14. d5 exd5 15. exd5 O-O 16. Ne4 Ne5 17. Ng3 Nf6 18. Ne4 Nxe4 19. fxe4 Qd7 20. h3 Qe7 21. Kf1 Qh4 22. dxc6 bxc6 23. f4 Ng4 24. Kg2 Nf6 25. Qc2 Rad8 26. Rhf1 Rfe8 27. e5 Nd5 28. Qe4 Nxe3+ 29. Qxe3 Qe7 1/2-1/2

[Event "II Open ROMGAZ"]
[Site "Bucarest ROM"]
[Date "2008.09.19"]
[Round "9"]
[White "Neverov, V."]
[Black "Sergeev, Vl"]
[Result "1-0"]
[WhiteElo "2573"]
[BlackElo "2508"]
[PlyCount "95"]
[EventDate "2008.09.11"]
[Source "www.chesslib.no"]
[SourceDate "2004.05.04"]

1. d4 d5 2. c4 c6 3. Nf3 Nf6 4. Nc3 dxc4 5. a4 a5 6. e4 Bg4 7. Bxc4 e6 8. Be3 Bb4 9. Qc2 Nbd7 10. O-O O-O 11. Ne5 Bh5 12. f3 Bg6 13. Nxg6 hxg6 14. Rad1 Re8 15. Kh1 Nb6 16. Bb3 Nfd7 17. Qf2 Rc8 18. f4 Qe7 19. Na2 Na8 20. Nxb4 Qxb4 21. Rd3 Nf6 22. Qf3 c5 23. Bd2 Qb6 24. dxc5 Qxc5 25. e5 Nd5 26. Bxd5 exd5 27. Rxd5 Qc2 28. Bxa5 Qxa4 29. f5 Qc6 30. fxg6 Qxg6 31. Rd6 Re6 32. Qxb7 Rce8 33. h3 Rf8 34. Qd5 Rb8 35. Rd8+ Re8 36. Rd6 Qh5 37. Rd7 Rxe5 38. Rd8+ Rxd8 39. Qxd8+ Kh7 40. Bc3 Qe2 41. Rxf7 Qe4 42. Bxe5 Qe1+ 43. Kh2 Qxe5+ 44. Kg1 Qe3+ 45. Rf2 Nb6 46. Qd2 Qc5 47. Qc2+ Qxc2 48. Rxc2 1-0

[Event "5e GP du Senat"]
[Site "Paris"]
[Date "2004.09.26"]
[Round "2"]
[White "Stefansson, Hannes"]
[Black "Olafsson, Helgi"]
[Result "0-1"]
[WhiteElo "2549"]
[BlackElo "2531"]
[PlyCount "66"]
[EventDate "2004.09.25"]
[Source "Roberto Alvarez"]
[SourceDate "2004.10.05"]

1. d4 d5 2. c4 c6 3. Nc3 Nf6 4. Nf3 dxc4 5. a4 Na6 6. e3 Bg4 7. Bxc4 e6 8. O-O Nb4 9. Be2 Be7 10. Ne5 Bxe2 11. Qxe2 O-O 12. Rd1 a5 13. e4 Qb6 14. Be3 Qa6 15. Qf3 Rad8 16. Rd2 Nd7 17. Bf4 Nxe5 18. Bxe5 f6 19. Bf4 e5 20. Be3 Qc4 21. Rad1 exd4 22. Rxd4 Qb3 23. Qg4 Rxd4 24. Rxd4 Nc2 25. Rd7 Nxe3 26. fxe3 Rf7 27. h4 Bf8 28. Rd2 Bb4 29. h5 h6 30. Qf5 Bf8 31. e5 fxe5 32. Qxe5 Qc4 33. Qxa5 Rf1+ 0-1